Grano de trigo fecundo de virtudes en la vida, fecundissimo por la sucession en la muerte, la catholica Magestad del rey nuestro señor Don Carlos Segundo, que Dios aya: assumpto panegyrico funeral que predicò a las funebres exequias, que en su magnifica iglesia cathedral celebrô el illustrissimo señor venerable ecclesiastico cavildo sede- vacante, â expensas de la noilissima imperial ciudad de la Puebla de los Angeles de la Nueva España, el dia nuebe de mayo de 1701 años y consagra a la suprema, augusta, real, soberana proteccio[n] de nuestro catholico monarcha Don Felipe Quinto, rey de España, emperador de las Indias el Dr. Joseph Gomez de la Parra... examinador synodal deste obispado

Detalles Bibliográficos
Autor principal: Gómez de la Parra, José
Formato: Libro
Lenguaje:Undetermined
Spanish
Publicado: Puebla : por los herederos del capitan Juan de Villa Real, 1701.
Materias:
Colección:Banco de datos
Acervo:Biblioteca Palafoxiana. Colección bibliográfica
Descripción Física:[18], 44, 14 p. ; 4°
Tema general:Homilética
Notas:Número de localización:15473-D
LEADER 01252nam a2200181Ia 4500
008 150723s9999 xx 000 0 und d
041 0 |a spa 
050 0 |a PAFX BV4207 G6 
100 1 |a Gómez de la Parra, José 
245 1 0 |a Grano de trigo fecundo de virtudes en la vida, fecundissimo por la sucession en la muerte, la catholica Magestad del rey nuestro señor Don Carlos Segundo, que Dios aya: assumpto panegyrico funeral que predicò a las funebres exequias, que en su magnifica iglesia cathedral celebrô el illustrissimo señor venerable ecclesiastico cavildo sede- vacante, â expensas de la noilissima imperial ciudad de la Puebla de los Angeles de la Nueva España, el dia nuebe de mayo de 1701 años y consagra a la suprema, augusta, real, soberana proteccio[n] de nuestro catholico monarcha Don Felipe Quinto, rey de España, emperador de las Indias el Dr. Joseph Gomez de la Parra... examinador synodal deste obispado 
260 |a Puebla : por los herederos del capitan Juan de Villa Real, 1701. 
300 |a [18], 44, 14 p. ; 4° 
500 |a Número de localización:15473-D 
501 |a Encuadernado con 13 obras 
650 1 0 |a Homilética 
942 |c PALALIB 
943 |g Biblioteca Palafoxiana. Colección bibliográfica 
999 |c 1053568  |d 1053568